000 00896cam a22002773a 4500
001 24818
003 PGUSA
005 20140828083532.0
008 080313s2008||||xxu|||||s|||||000 | eng d
040 _aPGUSA
_beng
042 _adc
050 4 _aDC
100 1 _aFreeman, Edward Augustus,
_d1823-1892
245 1 0 _aSketches of Travel in Normandy and Maine
_h[electronic resource] /
_cEdward Augustus Freeman
260 _bProject Gutenberg,
_c2008
506 _aPublic domain in the USA.
516 _aElectronic text
653 _aArchitecture -- France -- Normandy
653 _aMaine (France) -- Description and travel
653 _aNormandy (France) -- Description and travel
653 _aArchitecture -- France -- Maine
700 1 _aHutton, William Holden,
_d1860-1930
830 0 _aProject Gutenberg
_v24818
856 4 0 _uhttp://www.gutenberg.org/ebooks/24818
942 _cEB
999 _c254073
_d254073